Statistics for National Parks in The East

Click here to take the quiz!

General Stats

  • This quiz has been taken 10 times
  • The average score is 6 of 9

Answer Stats

LocationAnswer% Correct
KentuckyMammoth Cave
100%
OhioCuyahoga Valley
83%
FloridaEverglades
83%
Tennessee/North CarolinaGreat Smoky Mountains
83%
MaineAcadia
67%
FloridaBiscayne
50%
South CarolinaCongaree
50%
FloridaDry Tortugas
17%
VirginiaShenandoah
17%

Score Distribution

Percentile by Number Answered

Percent of People with Each Score

Your Score History

You have not taken this quiz